Trusting the team (Record no. 88583)

MARC details
000 -LEADER
fixed length control field 00713cam a2200229 4500
008 - FIXED-LENGTH DATA ELEMENTS--GENERAL INFORMATION
fixed length control field 090401t1995 xxu||||| |||| 00| 0 eng d
020 ## - INTERNATIONAL STANDARD BOOK NUMBER
International Standard Book Number 0704905035
035 ## - SYSTEM CONTROL NUMBER
System control number (Sirsi) u24642
041 ## - LANGUAGE CODE
Language code of text/sound track or separate title eng
050 ## - LIBRARY OF CONGRESS CALL NUMBER
Classification number 692.8
-- 18
100 ## - MAIN ENTRY--PERSONAL NAME
Personal name Bennett, John
245 ## - TITLE STATEMENT
Title Trusting the team
Remainder of title the best practice guide to partnering in construction
260 ## - PUBLICATION, DISTRIBUTION, ETC.
Place of publication, distribution, etc. Reading
Name of publisher, distributor, etc. Centre for Strategic Studies in Construction
Date of publication, distribution, etc. 1995
300 ## - PHYSICAL DESCRIPTION
Extent iii, 82p.
Other physical details ill.
Dimensions 30cm.
350 ## - PRICE (NR) (BK AM CF MU VM SE) [OBSOLETE]
Price 59.95
690 ## - LOCAL SUBJECT ADDED ENTRY--TOPICAL TERM (OCLC, RLIN)
Topical term or geographic name as entry element Procurement
9 (RLIN) 6260
700 ## - ADDED ENTRY--PERSONAL NAME
Personal name Jayes, Sarah
710 ## - ADDED ENTRY--CORPORATE NAME
Corporate name or jurisdiction name as entry element Reading Construction Forum
9 (RLIN) 3334
710 ## - ADDED ENTRY--CORPORATE NAME
Corporate name or jurisdiction name as entry element University of Reading
Subordinate unit Centre for Strategic Studies in Construction
9 (RLIN) 86
942 ## - ADDED ENTRY ELEMENTS (KOHA)
Suppress in OPAC 0
948 ## - LOCAL PROCESSING INFORMATION (OCLC); SERIES PART DESIGNATOR (RLIN)
c (OCLC) 04/03/1997
Holdings
Withdrawn status Lost status Source of classification or shelving scheme Damaged status Not for loan Home library Current library Shelving location Date acquired Cost, normal purchase price Total Checkouts Full call number Barcode Date last seen Date last checked out Copy number Cost, replacement price Price effective from Koha item type
    Dewey Decimal Classification     London London Folio 18/06/1998 59.95 40 F692.8 30055786 06/08/2019 29/01/2010 2 59.95 06/08/2019 Book